[Event "GER-ch Youth U18w 2019"]
[Site "Willingen"]
[Date "2019.06.12"]
[Round "6.9"]
[White "Schiewe, Nadin"]
[Black "Gauchel, Verena"]
[Result "1-0"]
[WhiteElo "1608"]
[BlackElo "1534"]
[Annotator "NA"]
[PlyCount "105"]
[EventDate "2019.06.07"]
[EventType "swiss"]
[EventRounds "9"]
[EventCountry "GER"]
[SourceTitle "playchess.com"]
[Source "ChessBase"]
[SourceQuality "1"]
[TimeControl "40/5400+30:1800+30"]

1. d4 {[%emt 0:00:00]} Nf6 {[%emt 0:00:00]} 2. c4 {[%emt 0:00:00]} g6 {[%emt 0:00:04]} 3. Nc3 {[%emt 0:00:10]} d5 {[%emt 0:00:26]} 4. e3 {[%emt 0:01:35]} Bg7 {[%emt 0:01:09]} 5. Nf3 {[%emt 0:00:50]} O-O {[%emt 0:01:38]} 6. Bd3 {[%emt 0:01:31]} dxc4 {[%emt 0:04:02]} 7. Bxc4 {[%emt 0:00:12]} Nbd7 {[%emt 0:00:24]} 8. b3 {[%emt 0:02:39]} c5 {[%emt 0:02:23]} 9. Bb2 {[%emt 0:00:48]} b6 {[%emt 0:06:58]} 10. Qe2 {[%emt 0:05:46]} Bb7 {[%emt 0:01:47]} 11. O-O {[%emt 0:07:16]} Qc7 {[%emt 0:10:03]} 12. Ba6 {[%emt 0:02:58]} Bxf3 {[%emt 0:12:01]} 13. Qxf3 {[%emt 0:00:31]} cxd4 {[%emt 0:03:09]} 14. Nb5 {[%emt 0:05:37]} Qc2 {[%emt 0:11:32]} 15. Bxd4 {[%emt 0:00:34]} e5 {[%emt 0:10:56]} 16. Rfc1 {[%emt 0:11:17]} Qd2 {[%emt 0:04:17]} 17. Bc3 {[%emt 0:02:43]} Qd5 {[%emt 0:02:20]} 18. Bb7 {[%emt 0:06:02]} Qxf3 {[%emt 0:00:40]} 19. Bxf3 {[%emt 0:03:04]} e4 {[%emt 0:01:08]} 20. Be2 {[%emt 0:00:23]} a6 {[%emt 0:04:19]} 21. Nc7 {[%emt 0:02:17]} Ra7 {[%emt 0:04:58]} 22. Nxa6 {[%emt 0:01:55]} Nd5 {[%emt 0:01:42]} 23. Bxg7 {[%emt 0:00:33]} Kxg7 {[%emt 0:00:01]} 24. b4 {[%emt 0:10:37]} Rfa8 {[%emt 0:02:54]} 25. b5 {[%emt 0:01:37]} N7f6 {[%emt 0:01:05]} 26. Rc4 {[%emt 0:02:33]} h6 {[%emt 0:01:43]} 27. Rac1 {[%emt 0:01:33]} Rb7 {[%emt 0:01:16]} 28. Bd1 {[%emt 0:02:52]} g5 {[%emt 0:01:41]} 29. g4 {[%emt 0:01:41]} Kg6 {[%emt 0:00:48]} 30. h3 {[%emt 0:05:52]} Re7 {[%emt 0:00:58]} 31. Bc2 {[%emt 0:01:26]} Kg7 {[%emt 0:00:42]} 32. a4 {[%emt 0:01:14]} Re6 {[%emt 0:01:27]} 33. Bb3 {[%emt 0:01:50]} Re7 {[%emt 0:01:02]} 34. Nc7 {[%emt 0:01:42]} Rb8 {[%emt 0:01:39]} 35. Nxd5 {[%emt 0:02:09]} Nxd5 {[%emt 0:00:01]} 36. Rd4 {[%emt 0:00:16]} Nf6 {[%emt 0:00:59]} 37. Rcc4 {[%emt 0:01:13]} Re5 {[%emt 0:03:51]} 38. Rc6 {[%emt 0:02:19]} Ne8 {[%emt 0:00:52]} 39. Bc2 {[%emt 0:01:23]} Nf6 {[%emt 0:01:59]} 40. Rdd6 {[%emt 0:02:32]} Nd5 {[%emt 0:00:03]} 41. Bb3 {[%emt 0:30:58]} Ne7 {[%emt 0:10:09]} 42. Rxb6 {[%emt 0:00:00]} Rxb6 {[%emt 0:00:54]} 43. Rxb6 {[%emt 0:00:00]} Rc5 {[%emt 0:01:34]} 44. Rb7 {[%emt 0:00:00]} Kf8 {[%emt 0:02:00]} 45. a5 {[%emt 0:00:00]} Rc1+ {[%emt 0:02:16]} 46. Kg2 {[%emt 0:00:00]} Rc3 {[%emt 0:00:38]} 47. a6 {[%emt 0:00:00]} Nc8 {[%emt 0:02:24]} 48. Bxf7 {[%emt 0:00:00]} Nd6 {[%emt 0:05:05]} 49. a7 {[%emt 0:00:00]} Nxb7 {[%emt 0:00:57]} 50. a8=Q+ {[%emt 0:00:00]} Kxf7 {[%emt 0:00:06]} 51. Qxb7+ {[%emt 0:00:00]} Kf6 {[%emt 0:00:47]} 52. Qxe4 {[%emt 0:00:00]} Rb3 {[%emt 0:00:28]} 53. b6 {normal} 1-0

[Event "GER-ch Youth U18w 2019"]
[Site "Willingen"]
[Date "2019.06.12"]
[Round "6.10"]
[White "Fuchs, Emily"]
[Black "Trams, Emma Joe"]
[Result "1/2-1/2"]
[WhiteElo "1384"]
[BlackElo "1418"]
[Annotator "NA"]
[PlyCount "75"]
[EventDate "2019.06.07"]
[EventType "swiss"]
[EventRounds "9"]
[EventCountry "GER"]
[SourceTitle "playchess.com"]
[Source "ChessBase"]
[SourceQuality "1"]
[TimeControl "40/5400+30:1800+30"]

1. e4 {[%emt 0:00:00]} e5 {[%emt 0:00:00]} 2. Nf3 {[%emt 0:00:00]} Nc6 {[%emt 0:00:00]} 3. d4 {[%emt 0:00:00]} exd4 {[%emt 0:00:03]} 4. Nxd4 {[%emt 0:00:00]} Nxd4 {[%emt 0:00:08]} 5. Qxd4 {[%emt 0:00:00]} d6 {[%emt 0:00:25]} 6. Bc4 {[%emt 0:00:47]} Be6 {[%emt 0:00:56]} 7. O-O {[%emt 0:00:48]} Nf6 {[%emt 0:00:35]} 8. Nc3 {[%emt 0:03:44]} Be7 {[%emt 0:01:05]} 9. Bg5 {[%emt 0:09:21]} h6 {[%emt 0:00:58]} 10. Bh4 {[%emt 0:02:53]} O-O {[%emt 0:00:55]} 11. Rad1 {[%emt 0:03:16]} Re8 {[%emt 0:01:06]} 12. Bxe6 {[%emt 0:00:48]} fxe6 {[%emt 0:00:20]} 13. Rfe1 {[%emt 0:07:24]} e5 {[%emt 0:02:00]} 14. Qc4+ {[%emt 0:05:42]} Kh8 {[%emt 0:01:00]} 15. Bg3 {[%emt 0:01:53]} Bf8 {[%emt 0:01:22]} 16. f4 {[%emt 0:10:56]} exf4 {[%emt 0:00:52]} 17. Bxf4 {[%emt 0:00:33]} Qc8 {[%emt 0:01:47]} 18. Nb5 {[%emt 0:06:15]} Re7 {[%emt 0:02:37]} 19. e5 {[%emt 0:07:30]} dxe5 {[%emt 0:02:00]} 20. Rxe5 {[%emt 0:01:47]} c6 {[%emt 0:01:04]} 21. Rxe7 {[%emt 0:01:38]} Bxe7 {[%emt 0:00:27]} 22. Nd6 {[%emt 0:05:18]} Bxd6 {[%emt 0:01:55]} 23. Rxd6 {[%emt 0:05:48]} Qf5 {[%emt 0:04:37]} 24. Rd4 {[%emt 0:10:51]} Re8 {[%emt 0:03:53]} 25. Bd2 {[%emt 0:05:53]} Re4 {[%emt 0:05:19]} 26. Rxe4 {[%emt 0:00:32]} Qxe4 {[%emt 0:01:49]} 27. Qxe4 {[%emt 0:00:19]} Nxe4 {[%emt 0:00:07]} 28. Be3 {[%emt 0:00:11]} a6 {[%emt 0:00:25]} 29. Kf1 {[%emt 0:01:06]} Kg8 {[%emt 0:00:28]} 30. Ke2 {[%emt 0:00:29]} Kf7 {[%emt 0:00:37]} 31. Kd3 {[%emt 0:00:37]} Nf6 {[%emt 0:00:23]} 32. Kd4 {[%emt 0:04:00]} Ke6 {[%emt 0:00:52]} 33. h3 {[%emt 0:01:41]} h5 {[%emt 0:01:10]} 34. Bf2 {[%emt 0:00:37]} g6 {[%emt 0:00:29]} 35. a4 {[%emt 0:02:30]} Nd5 {[%emt 0:01:41]} 36. g3 {[%emt 0:01:09]} Kd6 {[%emt 0:01:08]} 37. c4 {[%emt 0:00:51]} Nf6 {[%emt 0:00:58]} 38. b3 {normal} 1/2-1/2

[Event "GER-ch Youth U18w 2019"]
[Site "Willingen"]
[Date "2019.06.12"]
[Round "6.11"]
[White "Kuemmel, Tina"]
[Black "Peters, Jenna Maria Lara"]
[Result "1/2-1/2"]
[WhiteElo "1446"]
[BlackElo "1594"]
[Annotator "NA"]
[PlyCount "65"]
[EventDate "2019.06.07"]
[EventType "swiss"]
[EventRounds "9"]
[EventCountry "GER"]
[SourceTitle "playchess.com"]
[Source "ChessBase"]
[SourceQuality "1"]
[TimeControl "40/5400+30:1800+30"]

1. Nf3 {[%emt 0:00:00]} d5 {[%emt 0:00:00]} 2. g3 {[%emt 0:00:00]} Nf6 {[%emt 0:00:04]} 3. Bg2 {[%emt 0:00:00]} Bf5 {[%emt 0:00:31]} 4. d4 {[%emt 0:02:20]} h6 {[%emt 0:00:19]} 5. c4 {[%emt 0:01:11]} e6 {[%emt 0:04:24]} 6. Nc3 {[%emt 0:01:00]} Be7 {[%emt 0:01:33]} 7. Ne5 {[%emt 0:05:46]} c6 {[%emt 0:02:20]} 8. O-O {[%emt 0:02:14]} Nbd7 {[%emt 0:02:30]} 9. cxd5 {[%emt 0:01:53]} exd5 10. Nxd7 {[%emt 0:09:41]} Qxd7 {[%emt 0:01:37]} 11. Re1 {[%emt 0:00:18]} O-O {[%emt 0:03:29]} 12. f3 {[%emt 0:04:06]} Rad8 13. Be3 {[%emt 0:01:47]} Bh7 {[%emt 0:16:03]} 14. Bf2 {[%emt 0:09:19]} Rfe8 {[%emt 0:13:52]} 15. h3 {[%emt 0:05:03]} Qc7 16. e4 {[%emt 0:00:08]} dxe4 {[%emt 0:03:22]} 17. fxe4 Bb4 {[%emt 0:03:53]} 18. e5 {[%emt 0:04:19]} Bxc3 {[%emt 0:09:37]} 19. bxc3 Nd5 {[%emt 0:15:49]} 20. Qf3 {[%emt 0:09:08]} Qd7 21. g4 {[%emt 0:07:32]} f6 {[%emt 0:02:57]} 22. Bh4 {[%emt 0:01:53]} g5 {[%emt 0:04:54]} 23. Bg3 {[%emt 0:00:09]} fxe5 {[%emt 0:01:08]} 24. Bxe5 {[%emt 0:00:38]} Rf8 {[%emt 0:01:19]} 25. Qg3 {[%emt 0:00:21]} Nb6 {[%emt 0:03:15]} 26. Re2 {[%emt 0:11:16]} Rde8 {[%emt 0:02:15]} 27. Rae1 {[%emt 0:00:07]} Nc4 {[%emt 0:00:41]} 28. Be4 {[%emt 0:04:35]} Bxe4 {[%emt 0:02:15]} 29. Rxe4 {[%emt 0:00:06]} Qd5 {[%emt 0:00:17]} 30. Qd3 {[%emt 0:02:47]} Nxe5 {[%emt 0:02:22]} 31. Rxe5 {[%emt 0:00:08]} Rxe5 {[%emt 0:00:03]} 32. Rxe5 {[%emt 0:00:08]} Qf7 {[%emt 0:01:36]} 33. Qe2 {[%emt 0:06:40] normal} 1/2-1/2

[Event "GER-ch Youth U18w 2019"]
[Site "Willingen"]
[Date "2019.06.12"]
[Round "6.12"]
[White "Schneider, Xenia"]
[Black "Kadach, Maria"]
[Result "1-0"]
[WhiteElo "1364"]
[BlackElo "1448"]
[Annotator "NA"]
[PlyCount "81"]
[EventDate "2019.06.07"]
[EventType "swiss"]
[EventRounds "9"]
[EventCountry "GER"]
[SourceTitle "playchess.com"]
[Source "ChessBase"]
[SourceQuality "1"]
[TimeControl "40/5400+30:1800+30"]

1. e4 c6 {[%emt 0:00:00]} 2. d4 {[%emt 0:00:00]} d5 {[%emt 0:00:00]} 3. exd5 {[%emt 0:00:00]} cxd5 {[%emt 0:00:00]} 4. Bd3 {[%emt 0:00:00]} Nc6 {[%emt 0:00:00]} 5. c3 {[%emt 0:00:09]} Qc7 {[%emt 0:00:34]} 6. Ne2 {[%emt 0:03:06]} e6 7. Bf4 {[%emt 0:01:54]} Bd6 {[%emt 0:00:36]} 8. Bxd6 {[%emt 0:00:09]} Qxd6 {[%emt 0:00:05]} 9. Qb3 {[%emt 0:02:28]} Nf6 {[%emt 0:01:28]} 10. Nd2 {[%emt 0:03:08]} O-O {[%emt 0:01:52]} 11. O-O {[%emt 0:00:15]} Rb8 {[%emt 0:04:21]} 12. Ng3 {[%emt 0:02:56]} Bd7 {[%emt 0:05:37]} 13. Qd1 Rfc8 14. f4 {[%emt 0:08:19]} b5 {[%emt 0:06:44]} 15. Nh5 {[%emt 0:01:33]} Qe7 16. Qf3 {[%emt 0:00:57]} g6 {[%emt 0:07:53]} 17. Nxf6+ {[%emt 0:00:59]} Qxf6 18. Qg3 Qg7 {[%emt 0:05:40]} 19. Rf3 {[%emt 0:03:53]} b4 {[%emt 0:11:11]} 20. Ba6 {[%emt 0:03:43]} Rd8 {[%emt 0:03:00]} 21. Nb3 {[%emt 0:01:05]} bxc3 22. bxc3 Rb6 {[%emt 0:05:28]} 23. Bd3 {[%emt 0:02:15]} Bc8 {[%emt 0:16:26]} 24. Re1 {[%emt 0:11:18]} Ba6 {[%emt 0:02:04]} 25. h4 Bxd3 {[%emt 0:00:49]} 26. Rxd3 {[%emt 0:05:33]} Ne7 {[%emt 0:03:02]} 27. Qg5 {[%emt 0:02:05]} Qf8 {[%emt 0:02:35]} 28. h5 {[%emt 0:03:44]} Nf5 {[%emt 0:06:23]} 29. hxg6 {[%emt 0:00:44]} fxg6 {[%emt 0:07:39]} 30. g4 {[%emt 0:04:40]} Ne7 {[%emt 0:02:04]} 31. Rh3 {[%emt 0:10:27]} Re8 {[%emt 0:04:53]} 32. Nc5 {[%emt 0:07:20]} Qf7 {[%emt 0:01:07]} 33. Nd7 {[%emt 0:04:26]} Rb2 {[%emt 0:02:33]} 34. Nf6+ {[%emt 0:00:23]} Kh8 {[%emt 0:02:13]} 35. Rxh7+ {[%emt 0:00:15]} Qxh7 {[%emt 0:00:11]} 36. Nxh7 {[%emt 0:00:08]} Kxh7 {[%emt 0:00:04]} 37. Qf6 {[%emt 0:00:39]} Rbb8 {[%emt 0:01:00]} 38. Kf2 {[%emt 0:00:51]} Ng8 {[%emt 0:00:36]} 39. Rh1+ {[%emt 0:00:26]} Nh6 {[%emt 0:00:12]} 40. Qf7+ {[%emt 0:00:14]} Kh8 {[%emt 0:00:47]} 41. Rxh6# {[%emt 0:30:06] normal} 1-0

[Event "GER-ch Youth U18w 2019"]
[Site "Willingen"]
[Date "2019.06.12"]
[Round "6.13"]
[White "Gesell, Patricia"]
[Black "Mundt, Alexandra"]
[Result "1-0"]
[WhiteElo "1046"]
[BlackElo "1797"]
[Annotator "NA"]
[PlyCount "28"]
[EventDate "2019.06.07"]
[EventType "swiss"]
[EventRounds "9"]
[EventCountry "GER"]
[SourceTitle "playchess.com"]
[Source "ChessBase"]
[SourceQuality "1"]
[TimeControl "40/5400+30:1800+30"]

1. Nf3 {[%emt 0:00:00]} d5 {[%emt 0:00:00]} 2. c4 {[%emt 0:00:00]} c6 {[%emt 0:00:00]} 3. g3 {[%emt 0:00:15]} h6 {[%emt 0:00:00]} 4. Bg2 {[%emt 0:00:51]} Bf5 {[%emt 0:00:11]} 5. b3 {[%emt 0:01:52]} e6 {[%emt 0:00:46]} 6. Bb2 a5 {[%emt 0:02:31]} 7. O-O {[%emt 0:04:19]} Nf6 {[%emt 0:05:03]} 8. e3 {[%emt 0:02:22]} dxc4 {[%emt 0:03:23]} 9. Re1 {[%emt 0:06:58]} Nbd7 {[%emt 0:15:18]} 10. bxc4 {[%emt 0:07:29]} Bd3 {[%emt 0:03:23]} 11. Ne5 {[%emt 0:05:49]} Nxe5 {[%emt 0:10:56]} 12. Bxe5 {[%emt 0:06:26]} Nd7 13. Bb2 {[%emt 0:01:13]} Bxc4 {[%emt 0:03:09]} 14. Nc3 Nc5 {[%emt 0:05:25] normal} 1-0

[Event "GER-ch Youth U18w 2019"]
[Site "Willingen"]
[Date "2019.06.13"]
[Round "7.1"]
[White "Moeller, Lisa-Marie"]
[Black "Schulze, Lara"]
[Result "0-1"]
[WhiteElo "1900"]
[BlackElo "2160"]
[Annotator "TA"]
[PlyCount "164"]
[EventDate "2019.06.07"]
[EventType "swiss"]
[EventRounds "9"]
[EventCountry "GER"]
[SourceTitle "playchess.com"]
[Source "ChessBase"]
[SourceQuality "1"]

{[%evp 17,164,22,44,-27,-8,-91,-93,-99,-5,-4,-7,-97,-92,-122,-131,-126,-130,-135,-68,-75,-75,-70,-41,-55,-61,-79,-79,-79,-77,-103,-108,-110,-110,-114,-114,-108,-97,-88,-94,-88,-81,-87,-79,-85,-63,-92,-65,-97,-70,-92,-54,-110,-114,-133,-85,-82,-64,-63,-63,-223,-125,-126,-63,-63,-63,-63,-63,-63,-63,-62,-37,-40,-32,-41,-32,-33,-8,-8,-8,-9,-7,-12,-13,-32,-32,-47,-47,-47,-32,-33,-5,-33,-33,-33,-33,-34,-34,-51,-49,-59,-59,-91,-87,-88,-88,-91,-91,-91,0,-91,-66,-372,-100,-194,-228,-242,-216,-323,-323,-285,-87,-164,-114,-113,-10,-10,-10,-10,-10,-36,-39,-37,-70,-63,-13,-39,-39,-39,-39,-79,-12,-79,-79,-80,-10,-93,0,-80,-43]} 1. e4 c5 2. Nc3 Nc6 3. f4 g6 4. Nf3 Bg7 5. Bb5 Nh6 6. Bxc6 bxc6 7. O-O O-O 8. d3 f5 9. Qe1 d6 10. Qh4 {B23: Closed Sicilian: Lines without g3} (10. e5 $14) (10. h3 Rb8 11. b3 c4 12. exf5 cxb3 13. axb3 Nxf5 14. Bb2 Qb6+ 15. Kh1 Qe3 16. g4 Qxe1 17. Rfxe1 Nd4 18. Nxd4 Bxd4 {1-0 (46) Jovanovic,Z (2551)-Vykouk,J (2425) Le Castella 2018}) 10... Nf7 $11 11. Ng5 $146 (11. exf5 $11 {keeps the balance.} Bxf5 12. g4) ({Predecessor:} 11. exf5 gxf5 12. Bd2 c4 13. d4 Bf6 14. Qh5 Qb6 15. Nd1 Bxd4+ 16. Nxd4 Qxd4+ 17. Rf2 e5 {½-½ (62) Griwenka,V (1866)-Hawranke,D (2040) Pinneberg 2016}) 11... Nxg5 $17 12. Qxg5 e5 (12... Rb8 $17 13. Qh4 c4 $1 {[%mdl 512]} 14. dxc4 Rb4) 13. Qxd8 Rxd8 14. Na4 (14. fxe5 $11 Bxe5 15. Bg5 Bd4+ 16. Kh1) 14... Rb8 15. Rb1 fxe4 16. dxe4 {[#]} Rb4 $1 {[%cal Rb4a4]} 17. Nc3 exf4 (17... Rf8 $17 18. a3 Rb7) 18. Bxf4 $15 Bd4+ 19. Kh1 Bxc3 20. bxc3 Rxe4 21. Rbe1 Bf5 22. Rxe4 Bxe4 $17 {[%mdl 4096] Endgame KRB-KRB} 23. Rd1 d5 24. Rd2 Rd7 25. Be3 Rb7 26. Kg1 Rb1+ 27. Kf2 Ra1 28. Bxc5 Rxa2 29. Ke3 Ra4 30. Rf2 a5 {[%cal Ba7a5,Ba5a4,Ba4a3,Ba3a2][%mdl 32]} 31. Rf8+ Kg7 32. Ra8 Ra2 33. Bb4 a4 34. Ra6 (34. g4 $1 $15) 34... Bxg2 35. Kd4 Ra1 36. Rxc6 a3 37. Ra6 a2 38. Kc5 $2 (38. c4 $1 $15) 38... Kh6 $19 {aiming for ...Bf1.} 39. c4 {[#]} dxc4 ({Black should try} 39... Bf1 $1 $17 {[%cal Rf1c4]} 40. Bc3 Bxc4 41. Bxa1 Bxa6 42. Kxd5 Kg5) 40. Bc3 $15 Rh1 41. Be5 $1 Re1 42. Bf4+ Kh5 43. Rxa2 Re4 44. Bd6 Kg4 45. Ra3 Bf1 46. Rg3+ Kh5 47. Rf3 Re1 48. Rf7 h6 49. Bf8 Kg5 50. Bd6 Bh3 51. Bf4+ Kh5 52. Bg3 Rd1 53. Rf4 {Strongly threatening Rh4+.} Bf1 54. Rd4 Rc1 55. Rd2 g5 56. Kd4 Kg4 57. Ke3 h5 58. Rd4+ Kh3 {Threatens to win with ...h4.} 59. Kd2 Rb1 60. Rd8 h4 61. Rh8 Bg2 62. Kc3 Bf1 63. Kd2 $1 Rb5 64. Ke1 $2 {[%mdl 8192]} ({Better is} 64. Kc3 $15) 64... Bg2 $2 (64... Kg2 $19 {( -> ...c3)} 65. Rb8 Rf5) 65. Bc7 (65. Kd2 $17 {was the only chance.}) 65... Be4 $19 66. c3 Rb2 67. Rg8 (67. Be5 $142) 67... g4 68. Rh8 Bd3 $2 (68... Kg2 $19 {has better winning chances. And now ...Bf3 would win.} 69. Kd1 Kf2) 69. Rh6 (69. Bg3 $17 {was worth a try.}) 69... Rc2 70. Bg3 Rxc3 (70... Kg2 $17 71. Rxh4 Kf3) 71. Rxh4+ $11 Kg2 {...Bf5 is the strong threat.} 72. Rxg4 {Hoping for Be5+.} Kf3 73. Rg8 Rc1+ 74. Kd2 Rc2+ 75. Kd1 Ra2 {White must now prevent ...c3.} (75... Rg2 $5 {[%cal Rc4c3]} 76. Rg7 Bc2+ 77. Kc1 Bf5 $15) 76. Rf8+ Ke3 {[%cal Ra2a1]} 77. Bf4+ Ke4 78. Bd2 Ra1+ 79. Bc1 Kd4 80. h4 Kc3 (80... Be4 $17) 81. Rf2 (81. Rf3 $11 {remains equal.}) 81... Kd4 82. Rf8 Bg6 {Accuracy: White = 39%, Black = 48%.} 0-1

[Event "GER-ch Youth U18w 2019"]
[Site "Willingen"]
[Date "2019.06.13"]
[Round "7.2"]
[White "Nguyen, Ha Thanh"]
[Black "Poetsch, Leonore"]
[Result "1/2-1/2"]
[WhiteElo "1940"]
[BlackElo "1982"]
[Annotator "NA"]
[PlyCount "74"]
[EventDate "2019.06.07"]
[EventType "swiss"]
[EventRounds "9"]
[EventCountry "GER"]
[SourceTitle "playchess.com"]
[Source "ChessBase"]
[SourceQuality "1"]
[TimeControl "40/5400+30:1800+30"]

1. e4 {[%emt 0:00:00]} e6 {[%emt 0:00:00]} 2. d4 {[%emt 0:00:00]} d5 {[%emt 0:00:00]} 3. Nc3 {[%emt 0:00:00]} Nf6 {[%emt 0:00:00]} 4. Bg5 {[%emt 0:00:00]} Bb4 {[%emt 0:00:00]} 5. e5 {[%emt 0:00:08]} h6 {[%emt 0:00:05]} 6. Bd2 {[%emt 0:00:17]} Bxc3 {[%emt 0:00:07]} 7. bxc3 {[%emt 0:00:11]} Ne4 {[%emt 0:00:05]} 8. Qg4 {[%emt 0:00:29]} g6 {[%emt 0:00:13]} 9. Qf4 {[%emt 0:01:10]} c5 {[%emt 0:03:15]} 10. Bd3 {[%emt 0:00:35]} Nxd2 {[%emt 0:00:46]} 11. Qxd2 {[%emt 0:00:12]} Nc6 {[%emt 0:01:54]} 12. Nf3 {[%emt 0:01:16]} Qa5 {[%emt 0:02:13]} 13. dxc5 Qxc5 {[%emt 0:01:15]} 14. h4 {[%emt 0:02:59]} Bd7 {[%emt 0:02:14]} 15. a4 {[%emt 0:01:35]} d4 {[%emt 0:08:01]} 16. Qf4 {[%emt 0:08:23]} Qxc3+ {[%emt 0:07:53]} 17. Ke2 {[%emt 0:00:20]} O-O-O {[%emt 0:15:23]} 18. Rhb1 {[%emt 0:12:58]} f5 {[%emt 0:03:57]} 19. Nd2 {[%emt 0:01:47]} g5 {[%emt 0:04:26]} 20. hxg5 {[%emt 0:02:51]} hxg5 {[%emt 0:00:07]} 21. Qxg5 {[%emt 0:00:18]} Nxe5 {[%emt 0:03:22]} 22. Qf4 {[%emt 0:00:46]} Nf7 {[%emt 0:08:18]} 23. Nb3 {[%emt 0:10:16]} e5 {[%emt 0:03:17]} 24. Qd2 {[%emt 0:05:18]} Qc6 {[%emt 0:10:58]} 25. Na5 {[%emt 0:06:54]} Qxg2 {[%emt 0:01:25]} 26. Rg1 {[%emt 0:00:54]} Qd5 {[%emt 0:08:01]} 27. Qb4 {[%emt 0:03:47]} Nd6 {[%emt 0:04:42]} 28. Rab1 {[%emt 0:00:48]} b6 {[%emt 0:06:23]} 29. Rg6 {[%emt 0:04:39]} Qxa5 {[%emt 0:01:45]} 30. Qxa5 {[%emt 0:00:20]} bxa5 {[%emt 0:00:07]} 31. Rxd6 {[%emt 0:00:12]} Kc7 {[%emt 0:04:22]} 32. Ra6 {[%emt 0:02:28]} e4 {[%emt 0:00:35]} 33. Rxa7+ {[%emt 0:00:14]} Kd6 {[%emt 0:00:09]} 34. Ra6+ {[%emt 0:07:23]} Ke7 {[%emt 0:00:51]} 35. Bb5 {[%emt 0:01:43]} Ra8 {[%emt 0:00:25]} 36. Rg6 {[%emt 0:01:35]} Rhg8 {[%emt 0:00:43]} 37. Rh6 {[%emt 0:01:03]} Bxb5+ {[%emt 0:00:27] normal} 1/2-1/2

[Event "GER-ch Youth U18w 2019"]
[Site "Willingen"]
[Date "2019.06.13"]
[Round "7.3"]
[White "Ratay, Meike"]
[Black "Arnhold, Steffi"]
[Result "0-1"]
[WhiteElo "1991"]
[BlackElo "1996"]
[Annotator "NA"]
[PlyCount "80"]
[EventDate "2019.06.07"]
[EventType "swiss"]
[EventRounds "9"]
[EventCountry "GER"]
[SourceTitle "playchess.com"]
[Source "ChessBase"]
[SourceQuality "1"]
[TimeControl "40/5400+30:1800+30"]

1. e4 {[%emt 0:00:00]} c5 {[%emt 0:00:00]} 2. Nf3 {[%emt 0:00:00]} Nc6 {[%emt 0:00:00]} 3. d4 {[%emt 0:00:00]} cxd4 {[%emt 0:00:00]} 4. Nxd4 {[%emt 0:00:00]} Qb6 {[%emt 0:00:36]} 5. Nb3 {[%emt 0:03:27]} Nf6 {[%emt 0:00:27]} 6. Nc3 {[%emt 0:01:16]} e6 {[%emt 0:01:05]} 7. Be3 {[%emt 0:01:22]} Qc7 {[%emt 0:00:23]} 8. a3 {[%emt 0:03:36]} a6 {[%emt 0:04:25]} 9. Be2 {[%emt 0:03:23]} Be7 {[%emt 0:03:15]} 10. O-O {[%emt 0:00:37]} b5 {[%emt 0:02:11]} 11. f4 {[%emt 0:05:25]} d6 {[%emt 0:01:11]} 12. Bf3 {[%emt 0:08:40]} Bb7 {[%emt 0:02:24]} 13. Qe2 {[%emt 0:06:24]} O-O {[%emt 0:05:01]} 14. Qf2 {[%emt 0:08:05]} Rac8 {[%emt 0:07:55]} 15. Rac1 {[%emt 0:04:02]} Qb8 {[%emt 0:04:27]} 16. Rfd1 {[%emt 0:04:01]} Rfd8 {[%emt 0:04:40]} 17. a4 {[%emt 0:10:38]} b4 {[%emt 0:08:37]} 18. Ne2 {[%emt 0:00:45]} Bf8 {[%emt 0:10:20]} 19. c3 {[%emt 0:02:45]} bxc3 {[%emt 0:04:28]} 20. Nxc3 {[%emt 0:00:47]} Qa8 {[%emt 0:04:54]} 21. a5 {[%emt 0:04:43]} Nb4 {[%emt 0:08:45]} 22. Bb6 {[%emt 0:04:38]} Rd7 {[%emt 0:03:04]} 23. e5 {[%emt 0:05:48]} Bxf3 {[%emt 0:05:03]} 24. gxf3 {[%emt 0:02:53]} Nfd5 {[%emt 0:01:37]} 25. Nxd5 {[%emt 0:02:05]} Nxd5 {[%emt 0:00:48]} 26. Be3 {[%emt 0:03:16]} Rb7 {[%emt 0:03:15]} 27. Rxc8 {[%emt 0:05:12]} Qxc8 {[%emt 0:01:18]} 28. Rd3 {[%emt 0:01:44]} Qc4 {[%emt 0:01:22]} 29. Nc1 {[%emt 0:02:29]} dxe5 {[%emt 0:01:38]} 30. b3 {[%emt 0:00:52]} Qb5 {[%emt 0:01:47]} 31. fxe5 {[%emt 0:00:35]} Qxa5 {[%emt 0:00:33]} 32. Kh1 {[%emt 0:01:22]} Qa1 {[%emt 0:01:22]} 33. f4 {[%emt 0:00:53]} Rc7 34. Rd1 {[%emt 0:00:45]} Qb1 {[%emt 0:01:38]} 35. Qf3 {[%emt 0:01:12]} Rc3 {[%emt 0:01:12]} 36. Nd3 {[%emt 0:01:24]} Qxb3 {[%emt 0:00:15]} 37. Bd4 {[%emt 0:00:28]} Rc4 {[%emt 0:01:29]} 38. f5 {[%emt 0:01:05]} Rxd4 {[%emt 0:02:24]} 39. fxe6 {[%emt 0:00:19]} Nf4 {[%emt 0:00:50]} 40. exf7+ {[%emt 0:00:41]} Qxf7 {[%emt 0:01:12] normal} 0-1